Normal view
MARC view
- Maxfield, Clive .Max
Entry Personal Name
001 - CONTROL NUMBER
- control field: 60001
003 - CONTROL NUMBER IDENTIFIER
- control field: NUST
005 - DATE AND TIME OF LATEST TRANSACTION
- control field: 20210628202447.0
008 - FIXED-LENGTH DATA ELEMENTS
- fixed length control field: 210628|| aca||aabn | a|a d
040 ## - CATALOGING SOURCE
- Original cataloging agency: NUST
- Transcribing agency: NUST
100 ## - HEADING--PERSONAL NAME
- Personal name: Maxfield, Clive .Max
670 ## - SOURCE DATA FOUND
- Source citation: Work cat.: (NUST): Maxfield, Clive .Max, The design warrior's guide to fpgas ,devices, tools, and flows, 2004
